|
|
|
|
| LEADER |
01559nam a2200373 a 4500 |
| 001 |
nkc20152664387 |
| 003 |
CZ PrNK |
| 005 |
20150325133034.0 |
| 007 |
ta |
| 008 |
150302s2015 xr ab f 000 0 cze |
| 015 |
|
|
|a cnb002664387
|
| 020 |
|
|
|a 978-80-86684-97-0
|q (brož.)
|
| 035 |
|
|
|a (OCoLC)907528421
|
| 040 |
|
|
|a ABA001
|b cze
|
| 072 |
|
7 |
|a 628
|x Sanitární technika. Vodárenství. Odpadové hospodářství. Světelná technika
|2 Konspekt
|9 19
|
| 080 |
|
|
|a 628.4.042
|2 MRF
|
| 080 |
|
|
|a 33
|2 MRF
|
| 080 |
|
|
|a (048.8:082)
|2 MRF
|
| 100 |
1 |
|
|a Slavík, Jan,
|d 1978-
|7 mzk2005274961
|4 aut
|
| 245 |
1 |
0 |
|a Institucionální a ekonomická analýza využití bioodpadu v obcích /
|c Jan Slavík a kol.
|
| 260 |
|
|
|a Praha :
|b IREAS, Institut pro strukturální politiku,
|c 2015
|
| 300 |
|
|
|a 119 s. :
|b il., mapy ;
|c 21 cm
|
| 504 |
|
|
|a Obsahuje bibliografii a bibliografické odkazy
|
| 650 |
0 |
7 |
|a biologicky rozložitelný odpad
|7 ph139002
|x ekonomické aspekty
|2 czenas
|
| 650 |
0 |
9 |
|a biodegradable waste
|x economic aspects
|2 eczenas
|
| 655 |
|
7 |
|a kolektivní monografie
|7 fd501537
|2 czenas
|
| 655 |
|
9 |
|a collective monographs
|2 eczenas
|
| 910 |
2 |
|
|a BOA001
|b 2-1343.224
|
| 990 |
|
|
|a BK
|
| 995 |
|
|
|a 01
|
| 991 |
|
|
|b 201503
|c NOV
|e n
|
| 996 |
6 |
|
|b 2610624596
|c 2-1343.224
|l MZK
|r Sklad / do 1 hodiny
|n 2
|p p.v.
|w 001493421
|u 000010
|a 1
|e BOA001
|j MZK50
|s P
|
| 996 |
6 |
|
|b 2610625967
|c 2-1343.224
|l MZK
|r STM 6p
|n 0
|p dar
|h 628 SLA
|w 001493421
|u 000020
|a 0
|e BOA001
|j MZK50
|s P
|
| 996 |
7 |
|
|b 2610625968
|c 2-1343.224
|l Vol.výběr
|r VV 1p
|n 21
|p dar
|h 628 SLA
|w 001493421
|u 000030
|a 0
|e BOA001
|j MZK50
|s A
|